000 00466nam a2200181Ia 4500
001 11814
005 20260306162855.0
008 260306t2020||||xx |||||||||||||| ||spa||
041 _aESP
082 _aHR 200
_bABR-JUN 2020 PROYECCIÓN
110 _aFacultad de Teología de Granada
245 0 _aProyección :
_bteología y mundo actual
260 _c2020
300 _a109 páginas :
_c23 cm.
650 _aGEN
654 _aCHU
942 _cREV
_dJUS
_fJUS
_2ddc
_n
999 _c11814
_d11814